| 000 | 00935cab a2200301 4500 | ||
|---|---|---|---|
| 001 | ABS59118 | ||
| 008 | 090401t1998 xxu||||| |||| 00| 0 eng d | ||
| 035 | _a(Sirsi) u87433 | ||
| 041 | _aeng | ||
| 100 | _aCarpenter, A. | ||
| 245 | _aFibreprovider | ||
| 260 | _c1998 | ||
| 350 | _a0 | ||
| 490 |
_aProperty Week _v63(11) 3 July 1998, 28-29(2) |
||
| 520 | _aDiscusses the possible interest from telecom companies in purchasing properties to secure access to high-capacity, high-speed connections. Considers the effect that high-capacity fibre optic networks will have on the media industry. | ||
| 650 | _aFIBRE OPTIC CABLES | ||
| 650 | _aINTRANET | ||
| 650 | _aMEDIA INDUSTRY | ||
| 650 | _aOUTSOURCING | ||
| 650 | _aPROPERTY | ||
| 650 | _aRENTS | ||
| 650 | _aREVENUE | ||
| 650 | _aTELECOMMUNICATIONS INDUSTRY | ||
| 650 | _aTENANTS | ||
| 690 | _aTRANSPORT AND COMMUNICATION | ||
| 942 | _n0 | ||
| 948 | _c16/07/1998 | ||
| 999 |
_c55141 _d55141 |
||